Biblioteca

Madame Bovary / Gustave Flaubert ; Carmen Martín Gaite, Traductor (Registro nro. 42272)

Detalles MARC
000 -LÍDER
Campo fijo de descripción fija 004340000a22001570004500
041 0# - CÓDIGO DE IDIOMA
Código de idioma para texto/pista de sonido o título separado
082 04 - NÚMERO DE CLASIFICACIÓN DECIMAL DEWEY
Número de clasificación G 843.8 F587m
001 - NÚMERO DE CONTROL
Campo de control 13288
100 1# - ASIENTO PRINCIPAL--NOMBRE PERSONAL
Nombre personal Flaubert, Gustave
245 10 - TÍTULO
Título del Material Madame Bovary / Gustave Flaubert ; Carmen Martín Gaite, Traductor
260 ## - PUBLICACIÓN, DISTRIBUCIÓN, ETC. (PIE DE IMPRENTA)
Lugar de publicación, distribución, etc. Bogotá : Oveja Negra
300 ## - DESCRIPCIÓN FÍSICA
Extensión 403 Pag
500 ## - NOTA GENERAL
Nota General Título original : Madame Bovary
942 ## - TIPO DE MATERIAL (KOHA)
Tipo de Item KOHA Libros General
Existencias
Estado de Material Estado de Perdido Estado de Dañado No para Préstamo Colección Tomo Biblioteca de Origen Biblioteca Permanente Fecha de Adquisición Total de Préstamos Signatura Topográfica Código de Barras Última vez visto Ejemplar/Existencia Fecha de Remplazo Tipo de Material
        Colección General   Biblioteca FUSBC Biblioteca FUSBC 28/10/2005   G 843.8 F587m 11296 12/12/2019 1 26/01/2016 Libros General

Biblioteca FUSBC | Teléfono: (57+4) 349 88 10 Ext. 141| WhatsApp (+57) 3005338115 
E-mail: biblioteca@unisbc.edu.co | Calle 76 87-14 Robledo Palenque, Medellín, Colombia

Con tecnología Koha